Les 20 villes les plus peuplées de la Loire (42) - Statistiques

Statistiques générales
  • Ce quiz a été pris 61 fois
  • Le résultat moyen est 11 sur 20
Statistiques - réponses
HINT HINT ANSWER % Correct
172 569 S Saint-Étienne
100%
35 586 S Saint-Chamond
95%
35 364 R Roanne
93%
16 098 M Montbrison
90%
17 128 F Firminy
80%
15 457 R Rive-de-Gier
71%
15 579 S Saint-Just-Saint-Rambert
68%
8 370 F Feurs
63%
10 312 A Andrézieux-Bouthéon
56%
11 034 R Riorges
41%
8 162 L La Ricamarie
39%
12 307 L Le Chambon-Feugerolles
34%
8 984 V Veauche
34%
6 893 L Le Coteau
32%
7 246 M Mably
29%
7 705 V Villars
29%
8 495 U Unieux
27%
7 103 L La Talaudière
24%
9 853 R Roche-la-Molière
24%
8 071 S Sorbiers
24%
Aucun quiz correspondant
Distribution des résultats
% des personnes avec chaque résultat
Percentile par nombre de réponses
Votre historique - résultats
Vous n’avez pas pris ce quiz